Computing Fundamentals & C Programming (Record no. 195000)

MARC details
000 -LEADER
fixed length control field 00491nam a2200181Ia 4500
005 - DATE AND TIME OF LATEST TRANSACTION
control field 20260531145103.0
008 - FIXED-LENGTH DATA ELEMENTS--GENERAL INFORMATION
fixed length control field 260531s9999 xx 000 0 und d
020 ## - INTERNATIONAL STANDARD BOOK NUMBER
International Standard Book Number 9780070669093
041 ## - LANGUAGE CODE
Language code of text/sound track or separate title English
082 ## - DEWEY DECIMAL CLASSIFICATION NUMBER
Classification number 681.3.423.1 BAL
100 ## - MAIN ENTRY--PERSONAL NAME
Personal name Balagurusamy (E)
245 #0 - TITLE STATEMENT
Title Computing Fundamentals & C Programming
260 ## - PUBLICATION, DISTRIBUTION, ETC.
Name of publisher, distributor, etc. Tata Mcgraw-Hill Education Private Limited
Place of publication, distribution, etc. New Delhi
Date of publication, distribution, etc. 2011
300 ## - PHYSICAL DESCRIPTION
Other physical details Paper Back
Extent 508+12
563 ## - BINDING INFORMATION
Binding note Paper Back
650 ## - SUBJECT ADDED ENTRY--TOPICAL TERM
Topical term or geographic name entry element  C
942 ## - ADDED ENTRY ELEMENTS (KOHA)
Koha item type Books
Holdings
Withdrawn status Lost status Damaged status Not for loan Home library Current library Shelving location Date acquired Total Checkouts Full call number Barcode Date last seen Price effective from Koha item type Public note
        Kumaraguru College of Technology Kumaraguru College of Technology MGCL Shelf No 687-695 2026-04-29   681.3.423.1 BAL Z 19166 2026-05-31 2026-05-31 Books CSE

Visitor Number: